Statistics for Most Populous Countries in 1500

Click here to take the quiz!

General Stats

  • This quiz has been taken 1,277 times
  • The average score is 12 of 20

Answer Stats

Est. Population Country/Empire % Correct
125,000,000Ming Empire
97%
16,250,000Kingdom of France
93%
8,550,000Spanish Empire
92%
4,000,000Vijayanagara Empire
83%
12,000,000Ottoman Empire
81%
17,000,000Ashikaga shogunate
81%
2,750,000Kingdom of England
79%
3,000,000Kingdom of Portugal
77%
900,000Kingdom of Sweden
59%
7,500,000Polish–Lithuanian union
57%
16,000,000Holy Roman Empire
51%
840,000Denmark-Norway
48%
4,000,000Hungary-Croatia
47%
500,000Kingdom of Scotland
44%
6,000,000Aztec Empire
41%
11,000,000Incan Empire
41%
1,500,000Republic of Venice
29%
2,000,000Kingdom of Naples
24%
2,000,000Papal States
20%
750,000Republic of Florence
14%

Score Distribution

Percentile by Number Answered

Percent of People with Each Score

Your Score History

You have not taken this quiz